Surface-water hydrology of California coastal basins between San Francisco Bay and Eel River / (Record no. 30359)

MARC details
000 -LEADER
fixed length control field 01377cam a2200265 4500
001 - CONTROL NUMBER
control field gs 67000264
003 - CONTROL NUMBER IDENTIFIER
control field DLC
005 - DATE AND TIME OF LATEST TRANSACTION
control field 20260227111421.0
008 - FIXED-LENGTH DATA ELEMENTS--GENERAL INFORMATION
fixed length control field 690715s1967 dcuab b 000 0 eng c
010 ## - LIBRARY OF CONGRESS CONTROL NUMBER
LC control number gs 67000264
040 ## - CATALOGING SOURCE
Original cataloging agency U.S. Geol. Survey. Library
Transcribing agency DLC
Modifying agency DLC
050 10 - LIBRARY OF CONGRESS CALL NUMBER
Classification number TC801
Item number .U2 no. 1851
100 1# - MAIN ENTRY--PERSONAL NAME
Personal name Rantz, S. E.
Fuller form of name (Saul Edward),
Dates associated with a name 1911-
245 10 - TITLE STATEMENT
Title Surface-water hydrology of California coastal basins between San Francisco Bay and Eel River /
Statement of responsibility, etc. by S. E. Rantz and T. H. Thompson.
260 ## - PUBLICATION, DISTRIBUTION, ETC.
Place of publication, distribution, etc. Washington :
Name of publisher, distributor, etc. Govt. Print. Off.,
Date of publication, distribution, etc. 1967.
300 ## - PHYSICAL DESCRIPTION
Extent iv, 60 p. :
Other physical details ill., maps (1 fold. in pocket) ;
Dimensions 24 cm.
440 #0 - SERIES STATEMENT/ADDED ENTRY--TITLE
Title Geological Survey water-supply paper ;
Volume/sequential designation 1851
500 ## - GENERAL NOTE
General note "Prepared in cooperation with the California Department of Water Resources."
501 ## - WITH NOTE
With note With: Water resources of King County, Washington / by Donald Richardson, J. W. Bingham, and R. J. Madison -- Flow pattern and related chemical quality of ground water in the "500-foot" sand in the Memphis area, Tennessee / by Edwin A. Bell and Dale J. Nyman. Washington : Govt. Print. Off., 1968. Bound together subsequent to publication.
Institution to which field applies DLC
504 ## - BIBLIOGRAPHY, ETC. NOTE
Bibliography, etc. note Bibliography: p. 34.
650 #0 - SUBJECT ADDED ENTRY--TOPICAL TERM
Topical term or geographic name entry element Water-supply
Geographic subdivision California.
650 #0 - SUBJECT ADDED ENTRY--TOPICAL TERM
Topical term or geographic name entry element Stream measurements
Geographic subdivision California.
700 1# - ADDED ENTRY--PERSONAL NAME
Personal name Thompson, T. H.
Fuller form of name (Terry H.),
Dates associated with a name 1937-
710 1# - ADDED ENTRY--CORPORATE NAME
Corporate name or jurisdiction name as entry element California.
Subordinate unit Department of Water Resources.

No items available.

Powered by Koha